| 000 | 00400 a2200145 4500 | ||
|---|---|---|---|
| 001 | 167866 | ||
| 020 | _a | ||
| 040 | _cMagnum | ||
| 100 | _aPapaleo Netto, Matheus | ||
| 240 | 1 | 0 |
_aGerontologia: a velhice e o envelhicimento em visao globalizada _lpor |
| 245 | 1 | 0 | _aGerontologia: a velhice e o envelhicimento em visao globalizada |
| 362 | 0 | _a1899 | |
| 697 | _aCIENCIAS MEDICAS SAUDE | ||
| 942 | _cBK | ||
| 999 |
_c167866 _d167866 |
||